00000000cam 2200000zi 4500
0019.943505
003CaOODSP
00520260514123452
006m     o  d f      
007cr |n|||||||||
008240923e202604  oncbd   ob   f000 0 eng d
020 |a9780660737744
040 |aCaOODSP|beng|erda|cCaOODSP
043 |an-cn-bc
0861 |aFs70-5/2024-071E-PDF
1001 |aGrandin, Chris J.|q(Christopher John)|eauthor.
24510|aArrowtooth flounder (Atheresthes stomias) stock assessment for the west coast of British Columbia in 2021 / |cChris J. Grandin, Sean C. Anderson and Philina A. English.
264 1|aOttawa ON : |bCanadian Science Advisory Secretariat (CSAS), |cApril 2026.
264 4|c©2026
300 |a1 online resource (v, 142 pages) : |bmaps, graphs.
336 |atext|btxt|2rdacontent
337 |acomputer|bc|2rdamedia
338 |aonline resource|bcr|2rdacarrier
4901 |aResearch document, |x1919-5044 ; |v2024/071
500 |aIssued also in French under title: Évaluation du stock de la plie à dents de flèche (Atheresthes stomias) sur la côte ouest de la Colombie-Britannique en 2021.
504 |aIncludes bibliographical references (pages 84-88).
650 0|aArrowtooth flounder fisheries|zBritish Columbia|zPacific Coast.
650 0|aFish stock assessment|zBritish Columbia|zPacific Coast.
7101 |aCanada. |bDepartment of Fisheries and Oceans. |bPacific Region, |eissuing body.
7102 |aCanadian Science Advisory Secretariat, |eissuing body.
77508|tÉvaluation du stock de plie à grande bouche (Atheresthes stomias) de la côte ouest de la Colombie-Britannique en 2021.|w(CaOODSP)9.943508
830#0|aResearch document (Canadian Science Advisory Secretariat)|v2024/071.|w(CaOODSP)9.507396
85640|qPDF|s18.6 MB|uhttps://publications.gc.ca/collections/collection_2026/mpo-dfo/fs70-5/Fs70-5-2024-071-eng.pdf